000 00480nam a2200169Ia 4500
001 23108
003 IN-NITTTR
005 20251114233300.0
008 251113s9999||||xx |||||||||||||| ||eng||
040 _beng
040 _cIN-NITTTR
041 _aeng
082 _a658.022 C333P
100 _aCentral food technological research institute,
245 0 _aProfiles on food processing and agro-based industries /
_cCentral food technological research institute
942 _2ddc
_cBK
999 _c25737
_d25737